Innowacje finansowe w kreowaniu wartosci przedsiebiorstwa projekt badawczy KBN nr 1 H02D 016 26
Salvato in:
| Autore principale: | |
|---|---|
| Natura: | Libro |
| Lingua: | polacco |
| Pubblicazione: |
Poznan
Akademia Ekonomiczna w Poznaniu
2006
|
| Soggetti: | |
| Tags: |
Nessun Tag, puoi essere il primo ad aggiungerne!!
|
MARC
| LEADER | 00000nam$a2200000$$$4500 | ||
|---|---|---|---|
| 001 | 0042730 | ||
| 005 | 20240314093010.2 | ||
| 020 | |a 83-87350-43-5 | ||
| 041 | 0 | |a pol | |
| 044 | |a PL | ||
| 245 | 1 | 0 | |a Innowacje finansowe w kreowaniu wartosci przedsiebiorstwa |b projekt badawczy KBN nr 1 H02D 016 26 |c Maciej Stradomski |
| 264 | 1 | |a Poznan |b Akademia Ekonomiczna w Poznaniu |c 2006 | |
| 300 | |a 109 s. | ||
| 610 | 2 | 0 | |a financie |
| 610 | 2 | 0 | |a inovácia |
| 610 | 2 | 0 | |a podnik |
| 610 | 2 | 0 | |a hodnota podniku |
| 610 | 2 | 0 | |a vlastníctvo |
| 610 | 2 | 0 | |a trh finančný |
| 610 | 2 | 0 | |a makroekonomika |
| 100 | 1 | |a Stradomski, Maciej | |